Welcome to the Holygrace Academy Library

Please use search bar below to get started

STORIES OF PANCHATANTRA (Record no. 6495)

MARC details
000 -LEADER
fixed length control field 00632nam a22001457a 4500
020 ## - INTERNATIONAL STANDARD BOOK NUMBER
ISBN 81-7478-829-8
082 ## - DEWEY DECIMAL CLASSIFICATION NUMBER
Classification number 823
Item number SUB/N
100 ## - MAIN ENTRY--AUTHOR NAME
Personal name SUBRAMANIAM, NEELA
245 ## - TITLE STATEMENT
Title STORIES OF PANCHATANTRA
260 ## - PUBLICATION, DISTRIBUTION, ETC. (IMPRINT)
Place of publication CHENNAI
Name of publisher LOYALTY LEADS TO LEADERSHIP
Year of publication 2015
300 ## - PHYSICAL DESCRIPTION
Number of Pages 68
520 ## - SUMMARY, ETC.
Summary, etc Panchatantra stories are one of the most widely translated books in the history and are known for their wisdom on practical life. The stories themselves are delightfully narrated, with animals and birds often being the central characters. Thus they provide valuable life lessons in a light-hearted manner.
650 ## - SUBJECT ADDED ENTRY--TOPICAL TERM
Topical Term SHORT STORY
942 ## - ADDED ENTRY ELEMENTS (KOHA)
Koha item type Books
Holdings
Withdrawn status Lost status Collection code Home library Current library Shelving location Date acquired Source of acquisition Cost, normal purchase price Full call number Accession Number Koha item type
    Fiction Main Library Main Library SHELF 15-K-CHILDREN'S STORYBOOKS 29/11/2019 purchase 35.00 823 SUB/N 12150 Books
    Fiction Main Library Main Library SHELF 15-K-CHILDREN'S STORYBOOKS 11/05/2010 purchase 40.00 823 SUB/N 05046 Books